000 00648nam a2200229 a 4500
003 DO-SdBNP
005 20220315125519.0
007 ta
008 220125e2019 dr ||||er|||| 001 f spa d
020 _a9789945806069
040 _aDO-SdBNP
_bspa
_cBNPHU
082 4 _222
_bS669a
245 1 0 _aA los ojos del sol /
_cRamiro Sánchez
260 _asanto Domingo :
_b[s.n.],
_c2019
300 _a154 p. ;
_c20 cm.
500 _aIncluye datos biográficos del autor en la contracubierta.
590 _aInventariado 2022 / MF
650 _979418
_aNovela dominiana
650 4 _974639
_aLiteratura Dominicana
910 _aMFeliz
942 _2ddc
_cLBS1
999 _c51223
_d51223